000 00227 a2200097 4500
001 23482
100 _aShera JH
245 _aDocumentation and the organization of knowledge
260 _a
_bcrosly
_c1966
090 _c15872
_d15872
942 _aNUST-CAE
_cM
_c6527
999 _c258555
_d258555